Korea history quiz - Statistics

General Stats
  • This quiz has been taken 31 times
  • The average score is 11 of 15
Answer Stats
Question Answer % Correct
What is the capital city of North Korea ? Pyongyang
100%
What is the capital city of South Korea ? Seoul
100%
What country occupied Korea from 1910 to 1945 ? Japan
94%
Which Korean king invented the Hangeul (l'alphabet coréen) ? Sejong
94%
When did Korea's war happen ? 1950-1953
88%
What kingdom of Korea unified the three kingdoms ? Silla
88%
What are the two countries that occupied Korea after World War II ? USSR & USA
88%
How were called the Korean women used for the good time of the Japanese soldiers ? Comfort women
71%
What were the names of the three kingdoms of Korea ? Goguryeo, Baekje and Silla
71%
Why do South Korea still has compulsory military service ? No official peace treaty was signed between South Korea and North Korea
65%
How is called the South Korean flag ? Taeggeukki
65%
When is the Liberation Day in both South and North Korea ? August 15th
59%
What is the name of a famous South Korean book mainly taking place during the occupation period ? Pachinko
47%
What is the name of the Korean dynasty that was broken by the occupation starting in 1910 ? Lee
12%
How was called the ship that attacked Korea in 1875 ? Unyo
12%
No matching quizzes found
Score Distribution
Percent of People with Each Score
Percentile by Number Answered
Your Score History
You have not taken this quiz